DDP netušia, koľko klientov im po reforme ostane

Nový model doplnkového dôchodkového poistenia (DDP) a jeho reforma v r. 2004. Transformácia DDP na fondy doplnkového dôchodkového sporenia (FDDS). Transformácia by mala prebiehať celý r. 2004. Počet klientov DDP a FDDS. Zamestnávatelia pri FDDS na daniach neušetria. Riziko pri FDDS.

Gespeichert in:
Bibliographische Detailangaben
1. Verfasser: Záborský, Ján
Format: Buchkapitel
Sprache:Slowakisch
Schlagworte:
Tags: Tag hinzufügen
Keine Tags, Fügen Sie das erste Tag hinzu!

MARC

LEADER 00000naa$a2200000$$$4500
001 0003464
005 20230921115049.8
041 0 |a slo 
044 |a SK 
245 1 0 |a DDP netušia, koľko klientov im po reforme ostane  |c aut. Ján Záborský 
520 |a Nový model doplnkového dôchodkového poistenia (DDP) a jeho reforma v r. 2004. Transformácia DDP na fondy doplnkového dôchodkového sporenia (FDDS). Transformácia by mala prebiehať celý r. 2004. Počet klientov DDP a FDDS. Zamestnávatelia pri FDDS na daniach neušetria. Riziko pri FDDS. 
610 2 0 |a poistenie dôchodkové doplnkové 
610 2 0 |a reformy dôchodkové 
610 2 0 |a sporenie obyvateľstva 
610 2 0 |a dôchodky 
610 2 0 |a štát 
610 2 0 |a zamestnávatelia 
610 2 0 |a 2004 
100 1 |a Záborský, Ján